| 000 | 01041cam a2200301 a 4500 | ||
|---|---|---|---|
| 999 |
_c330689 _d330689 |
||
| 001 | 13213592 | ||
| 003 | NUST | ||
| 005 | 20180116124046.0 | ||
| 008 | 020115r20001889pk 000 0 eng | ||
| 010 | _a 2001310774 | ||
| 020 | _a9693511301 | ||
| 025 | _aP-E-2001310774 ;09 | ||
| 035 | _a(DLC) 2001310774 | ||
| 040 |
_aDLC _cDLC _dDLC |
||
| 042 | _alcode | ||
| 043 | _aa-ii--- | ||
| 050 | 0 | 0 |
_aDS486.S5 _bG39 2000 |
| 082 | 0 | 0 |
_a954.52 _bGAZ |
| 245 | 0 | 0 | _aGazetteer of the Simla district, 1888-89. |
| 246 | 3 | _aSimla district, 1888-89. | |
| 260 |
_aLahore : _bSang-e-Meel Publications, _c2000. |
||
| 300 |
_aviii, 116, xxiv p. ; _c25 cm. |
||
| 500 | _aOriginally published: [Lahore] : Punjab Government, [1889?]. | ||
| 651 | 0 |
_aSimla (India : District) _91304 |
|
| 906 |
_a7 _bcbc _corigode _d2 _encip _f20 _gy-gencatlg |
||
| 942 |
_2ddc _cBK |
||